000 00210nam a2200097Ia 4500
008 220204s9999 xx 000 0 und d
082 _a82-3
_bMAC
100 _aJohn D
245 0 _aDeep blue goodbye
942 _cBK
999 _c33783
_d33783